ABC: Learn with Humphrey / (Record no. 48060)
| 000 -LEADER | |
|---|---|
| fixed length control field | 00342nam a2200121 4500 |
| 020 ## - INTERNATIONAL STANDARD BOOK NUMBER | |
| International Standard Book Number | 9781848175778 |
| 100 ## - MAIN ENTRY--PERSONAL NAME | |
| Personal name | Igloo books, |
| Relator term | Publisher. |
| 9 (RLIN) | 84515 |
| 245 ## - TITLE STATEMENT | |
| Title | ABC: Learn with Humphrey / |
| Remainder of title | A push-pull-turn and lift book. |
| 260 ## - PUBLICATION, DISTRIBUTION, ETC. (IMPRINT) | |
| Place of publication, distribution, etc | Sywell, England : |
| Name of publisher, distributor, etc | Igloo ; |
| Date of publication, distribution, etc | 2009. |
| 300 ## - PHYSICAL DESCRIPTION | |
| Extent | unapged. |
| 650 #4 - SUBJECT ADDED ENTRY--TOPICAL TERM | |
| 9 (RLIN) | 24445 |
| Topical term or geographic name as entry element | Alphabet. |
| 942 ## - ADDED ENTRY ELEMENTS (KOHA) | |
| Source of classification or shelving scheme | |
| Koha item type | Board Book |
| Withdrawn status | Lost status | Source of classification or shelving scheme | Damaged status | Not for loan | Home library | Current library | Date acquired | Total Checkouts | Full call number | Barcode | Date last seen | Date checked out | Price effective from | Koha item type |
|---|---|---|---|---|---|---|---|---|---|---|---|---|---|---|
| Logos International School | Logos International School | 12/05/2024 | 6 | BB IGL | 040241 | 04/28/2026 | 04/27/2026 | 12/05/2024 | Board Book |